Trouve le pilote de F1 (lettre L) - Statistiques

Statistiques générales
  • Ce quiz a été pris 71 fois
  • Le résultat moyen est 3 sur 5
Statistiques - réponses
Par images Réponse % Correct
Charles Leclerc
97%
Niki Lauda
87%
Nicholas Latifi
73%
Jacques Laffite
47%
Vitantonio Liuzzi
13%
Aucun quiz correspondant
Distribution des résultats
% des personnes avec chaque résultat
Percentile par nombre de réponses
Votre historique - résultats
Vous n’avez pas pris ce quiz